000 01064nam a22003137a 4500
003 URS
005 20250321012043.0
008 250219b |||||||| |||| 00| 0 eng d
020 _a9786214271368
040 _beng
_cURS
_dURS
_erda
050 1 4 _aTS 160
_bB2201 2023
082 _a658.787
_bB2201 2023
100 1 _aBanaag, Francis B.,
_eauthor
245 1 0 _aInventory management and control /
_cFrancis B. Banaag, Rodolfo L. Ducut.
250 _a2nd edition
264 1 _aManila City :
_bUnlimited Books Library Services and Publishing Inc.,
_c2023
264 4 _aCopyright 2023
300 _axiv, 224 pages :
_billustrations ;
_c23 cm
336 _2rdacontent
_atext
_btxt
337 _2rdamedia
_aunmediated
_bn
338 _2rdacarrier
_avolume
_bnc
504 _aIncludes bibliographical references.
650 0 _aInventory control and management
650 0 _aInventory control
650 0 _aBusiness logistics
700 1 _aDucut, Rodolfo L.,
_eauthor
710 2 _aUnlimited Books Library Services and Publishing Inc.,
_epublisher
942 _2ddc
_cF
999 _c82302
_d82301